|
|
|
|
| LEADER |
00705nta a2200169 i 4500 |
| 001 |
dipl69193 |
| 005 |
20170623154446.0 |
| 008 |
170623s2014 hu om 0|| zxx d |
| 040 |
|
|
|a SZTE Diploma Repozitórium
|b hun
|
| 041 |
|
|
|a zxx
|
| 100 |
1 |
|
|a Szurovecz Réka Ágnes
|
| 245 |
1 |
3 |
|a Az Összamerikai Szabadkereskedelmi Térség lehetséges hatása Brazíliára
|h [elektronikus dokumentum] /
|c Réka Ágnes Szurovecz
|
| 246 |
1 |
0 |
|a Possible impact of the Free Trade Area of the Americas on Brazil
|h [elektronikus dokumentum]
|
| 260 |
|
|
|c 2014
|
| 650 |
|
4 |
|a Gazdaságtudományok
|
| 700 |
1 |
|
|a Udvari Beáta
|e ths
|
| 856 |
4 |
0 |
|u http://diploma.bibl.u-szeged.hu/id/eprint/69193/1/2014_szurovez_reka_agnes.pdf
|z Dokumentum-elérés
|